Laro ng lahi android app (Record no. 1360)

MARC details
000 -LEADER
fixed length control field 02921nam a22002897a 4500
005 - DATE AND TIME OF LATEST TRANSACTION
control field 20220117113842.0
008 - FIXED-LENGTH DATA ELEMENTS--GENERAL INFORMATION
fixed length control field 190925b ||||| |||| 00| 0 eng d
041 ## - LANGUAGE CODE
Language code of text/sound track or separate title eng
043 ## - GEOGRAPHIC AREA CODE
Geographic area code a-ph---
050 10 - LIBRARY OF CONGRESS CALL NUMBER
Classification number QA76.76
Item number .L32 2018
245 ## - TITLE STATEMENT
Title <a href="Laro ng lahi android app">Laro ng lahi android app</a>
Statement of responsibility, etc Edison I R. Gondraneos... [et. al]
260 ## - PUBLICATION, DISTRIBUTION, ETC. (IMPRINT)
Date of publication, distribution, etc October 2018
300 ## - PHYSICAL DESCRIPTION
Extent x, 66 leaves :
Other physical details illustrations ;
Dimensions 28 cm
336 ## - CONTENT TYPE
Source rda content
Content type term text
337 ## - MEDIA TYPE
Source rda media
Media type term unmediated
338 ## - CARRIER TYPE
Source rda carrier
Carrier type term volume
502 ## - DISSERTATION NOTE
Dissertation note Thesis
Degree type Bachelor of Science in Mathematics major in Computer Science
520 ## - SUMMARY, ETC.
Summary, etc EXECUTIVE SUMMARY: The study was conducted at the university of rizal system morong campus loaded at juam sumulong street, morong rizal during tha academic year 2018-2019. The researchers used ten (10) teachers and ninety (90) students of the university of rizal system morong campus with the total of one hundred (100) respondents. This study was conducted to remind millennials that we have our own game to support as a Filipino and to prevent our culture to vanish. The researchers used the descriptive and developmental method of research in gathering data and information in the developed laro ng lahi android app. The researcher utilized a questionnaire checklist from IEEE (Institute of electrical electronics engineering) as their primary source of data and to determine the perceptions between the two groups of respondents on the level of acceptability of the developed program based on variables like accuracy, applicability, user-friendliness, workability, completeness, portability and clarity. The researchers developed the program using unity 2018 in developing photoshop for animation and visual basic c# as programming language. The researchers also used informative references and guides to gather additional information such as internet and unpublished thesis. Based on the gathered data using the independent t-test and weighed mean as the statistical treatment , the developed program was perceived as "very much accepted" by the instructors and the students in terms of different variables and determined that there was a significant difference on the level of acceptability of the developed program as perceived by the respondents. It is concluded that the developed program entitled laro ng lahi android app is an accepted educational and inspiring materials for children and very much accurate, applicable, user friendly, workable, complete, potable and clear because it passed all the qualifications and satisfies the need of the users and all the requirements needed.
650 #0 - SUBJECT ADDED ENTRY--TOPICAL TERM
Topical term or geographic name as entry element Android(Electronic resources).
650 #0 - SUBJECT ADDED ENTRY--TOPICAL TERM
Topical term or geographic name as entry element Mobile apps--Testing.
650 #0 - SUBJECT ADDED ENTRY--TOPICAL TERM
Topical term or geographic name as entry element Filipino games.
700 ## - ADDED ENTRY--PERSONAL NAME
Personal name Caballero, Cyrel Ruth P.
Relator term author
700 ## - ADDED ENTRY--PERSONAL NAME
Personal name Capistrano, Anjelica P.
Relator term author
700 ## - ADDED ENTRY--PERSONAL NAME
Personal name Morandante, Rhona A.
Relator term author
700 ## - ADDED ENTRY--PERSONAL NAME
Personal name Alejandro, Lindy A.
Relator term degree supervisor
942 ## - ADDED ENTRY ELEMENTS (KOHA)
Source of classification or shelving scheme Library of Congress Classification
Koha item type Theses and dissertations
Holdings
Withdrawn status Source of classification or shelving scheme Damaged status Not for loan Collection code Home library Current library Date acquired Total Checkouts Full call number Barcode Date last seen Copy number Price effective from Koha item type
  Library of Congress Classification     Reference Morong College Library Morong College Library 09/25/2019   QA76.76 .L32 2018 URSMOR-CL-005166 09/25/2019 1 09/16/2020 Theses and dissertations

University of Rizal System
Email us at univlibservices@urs.edu.ph

Visit our Website www.urs.edu.ph/library